| 000 | 00822nam a22002057a 4500 | ||
|---|---|---|---|
| 999 |
_c9039 _d9039 |
||
| 003 | AR-CdUCM | ||
| 008 | 190327b ||||| |||| 00| 0 spa d | ||
| 040 |
_aMUNICIPALIDAD PROVINCIAL DEL CUSCO _cBIBLIOTECA MUNICIPAL DEL CUSCO |
||
| 082 |
_a869.56 / _bM423 |
||
| 100 |
_aMeneses, Porfirio _97788 |
||
| 245 | _aAchikyay willaykuna Cuentos del amanecer / | ||
| 260 |
_aLima : _bUniversidad Nacional Federico Villarreal, Editorial Universitaria, _c1998. |
||
| 300 |
_a125 páginas ; _c20 cm. |
||
| 505 | _aContenido: Acaricia a tu mujercita -- La casa ajena -- Siguiendo su huella -- Buscando convite hallar amor -- Cuando la vida vuelve -- Don Mateo Urquni. | ||
| 650 |
_aCuentos peruanos _97 |
||
| 650 |
_aCuentos quechuas _924526 |
||
| 650 |
_aTexto en quechua y español _925001 |
||
| 942 |
_2ddc _cLIBROS |
||
| 945 | _adavv | ||